Thực hành phân loại thực vật
Αποθηκεύτηκε σε:
| Κύριος συγγραφέας: | |
|---|---|
| Μορφή: | Βιβλίο |
| Έκδοση: |
H.
Giáo dục
1975
|
| Ετικέτες: |
Προσθήκη ετικέτας
Δεν υπάρχουν, Καταχωρήστε ετικέτα πρώτοι!
|
| Thư viện lưu trữ: | Mạng thư viện Đại học Đà Nẵng |
|---|
| LEADER | 00701nam a2200217 4500 | ||
|---|---|---|---|
| 001 | 000013481 | ||
| 003 | 9823 | ||
| 005 | 20150812150821.0 | ||
| 008 | 120316s1975 sd | ||
| 100 | 0 | |a Phan Nguyên Hồng | |
| 245 | 0 | 0 | |a Thực hành phân loại thực vật |c Phan Nguyên Hồng, Hoàng Thị Sản, Lương Ngọc Toản |
| 260 | |a H. |b Giáo dục |c 1975 | ||
| 774 | |a Phan Nguyên Hồng |d Giáo dục |d H. |d 1975 |g T. 2 |h 151tr : hình vẽ |n Bảng tra cuối sách |w 9822 | ||
| OWN | |a LSP | ||
| 999 | |a From the UDN01 | ||
| TYP | |a Monograph | ||
| TYP | |a Printed language | ||
| 980 | |a Mạng thư viện Đại học Đà Nẵng | ||